|
|
|
|
| LEADER |
00000nab a2200000 a 4500 |
| 001 |
vtls000874285 |
| 003 |
SK-MaSNL |
| 005 |
20260304130916.0 |
| 008 |
250429c2004 xo 0 slo |
| 015 |
|
|
|a SNBRB2004/06-17294
|
| 035 |
|
|
|a CLN000225837
|
| 035 |
|
|
|a urn:nbn:sk:snk-ab2kfv
|
| 035 |
|
|
|a (urnnbn)urn:nbn:sk:snk:ar-a02ke8
|
| 035 |
|
|
|a (uuid)32c2cdea-aa8c-4eab-96cb-08f219968081
|
| 040 |
|
|
|a SNKBUCL
|b slo
|c SNKBUCL
|e AACR2
|
| 041 |
0 |
|
|a slo
|
| 044 |
|
|
|a xo
|c SK
|
| 080 |
|
|
|a 616.379-008.64-056.257-085
|2 1997
|
| 100 |
1 |
|
|a Kišoň, Štefan
|4 adp
|9 450952
|
| 245 |
1 |
0 |
|a Prínos sibutramínu k liečbe obéznych diabetikov 2. typu
|c Štefan Kišoň
|
| 500 |
|
|
|a Sucharda, P.: Trendy ve farmakoterapii, príl. ZN č. 2, 2003, s. 23-24
|
| 650 |
0 |
7 |
|a diabetes mellitus nezávislý od inzulínu
|x farmakoterapia
|2 MESH
|9 864435
|
| 650 |
0 |
7 |
|a syndróm inzulínovej rezistencie
|2 MESH
|9 15384
|
| 650 |
0 |
7 |
|a farmakoterapia
|x klasifikácia
|2 MESH
|9 1401290
|
| 650 |
0 |
7 |
|a obezita
|2 MESH
|9 2527
|
| 650 |
0 |
7 |
|a štúdie klinické
|2 MESH
|9 840835
|
| 650 |
0 |
7 |
|a metformín
|2 snkbucl
|9 864436
|
| 650 |
0 |
7 |
|a meta-analýza
|2 MESH
|9 1067396
|
| 650 |
0 |
7 |
|a hodnotenie lieku
|2 MESH
|9 840731
|
| 650 |
0 |
7 |
|a abstrakty
|2 MESH
|9 90504
|
| 650 |
0 |
7 |
|a sibutramín
|2 snkbucl
|9 1193805
|
| 650 |
0 |
7 |
|a sulfonylurea
|2 snkbucl
|9 1387324
|
| 655 |
|
7 |
|a články z novín a časopisov
|2 snkbucl
|9 267496
|
| 773 |
0 |
|
|t Lekárnik
|g Roč. 9, č. 1 (2004), s. 23
|x 1335-924X
|
| 850 |
|
|
|a Slovenská národná knižnica
|
| 852 |
|
|
|a Slovenská národná knižnica
|
| 954 |
|
|
|a odborná, vedecká literatúra pôvodná (slovenská)
|2 lita
|
| 958 |
|
|
|a article27
|
| 958 |
|
|
|a OND
|
| 958 |
|
|
|a MI
|
| 958 |
|
|
|a EUIPO
|
| 992 |
|
|
|a RBX
|
| 999 |
|
|
|c 2895831
|d 2897761
|